| 000 | 00656nam a22001937a 4500 | ||
|---|---|---|---|
| 003 | NUST - PNEC | ||
| 005 | 20170116181159.0 | ||
| 008 | 160208b xxu||||| |||| 00| 0 eng d | ||
| 020 | _a9789351112365 | ||
| 040 | _cLIBRARY | ||
| 082 | _a629.892 KUM | ||
| 100 |
_916272 _aKumar, Yogesh |
||
| 245 |
_aAutonomous mobile robots _cYogesh Kumar |
||
| 260 |
_aNew Delhi: _bRandom Publications; _c2014 |
||
| 300 | _a285 pages. | ||
| 650 |
_916273 _aAutonomous Robot _xME, MS CONT |
||
| 856 | _uhttp://www.amazon.com/Autonomous-Mobile-Robots-Yogesh-Kumar/dp/9351112365/ref=sr_1_1?s=books&ie=UTF8&qid=1454908151&sr=1-1&keywords=9789351112365 | ||
| 942 |
_2ddc _cBK |
||
| 999 |
_c71391 _d71391 |
||